00376nam a2200169Ia 4500008004100000020001400041245002000055245001600075260001500091260001400106260000900120300001500129300002500144300001000169500000800179999001900187170705s9999 xx 000 0 und d a440428130 aFreckle juice / cJudy Blume. aNew York : bYearling, c1971 a45 pages : bcolor illustration ; c19cm. a370 c335609d335609